Poisťovanie potrebuje podporu štátu

Pomer životného a neživotného poistenia na Slovensku ovplyvňuje legislatíva. Životné poistenie prináša osoh aj spoločnosti. Slovenský trh životného poistenia. Podiel poisťovní na trhu životného poistenia v SR. Druhy životného poistenia.

Gespeichert in:
Bibliographische Detailangaben
1. Verfasser: Bartovic, Gustav
Format: Buchkapitel
Sprache:Slowakisch
Schlagworte:
Tags: Tag hinzufügen
Keine Tags, Fügen Sie das erste Tag hinzu!

MARC

LEADER 00000naa a2200000 4500
001 r047737
005 20230908082238.1
041 0 |a slo 
044 |a SK 
245 1 0 |a Poisťovanie potrebuje podporu štátu  |c Gustav Bartovic 
520 |a Pomer životného a neživotného poistenia na Slovensku ovplyvňuje legislatíva. Životné poistenie prináša osoh aj spoločnosti. Slovenský trh životného poistenia. Podiel poisťovní na trhu životného poistenia v SR. Druhy životného poistenia. 
610 2 0 |a poistenie životné 
610 2 0 |a poistenie neživotné 
610 2 0 |a štát 
610 2 0 |a úľavy daňové 
610 2 0 |a porovnanie medzinárodné 
610 2 0 |a Európa 
610 2 0 |a Slovensko 
100 1 |a Bartovic, Gustav